000 00675nam a2200241Ia 4500
003 OSt
005 20221007070818.0
006 a|||||r|||| 00| 0
007 ta
008 221006b |||||||| |||| 00| 0 eng d
024 _a36,243
037 _cTextual
040 _aFLL
_cFLL
_beng
041 _2eng
_aeng
082 _aZ2,84, P7
100 _aMyneni S.R.
_9687087
245 0 _aMoot court, pre- trial preparation and participation in trial proceedings and viva- voce
250 _a1st
260 _aHydrabad
_bAsia Law House India
_c2007
300 _axxiii,216p
_ccm.
942 _hZ2,84, P7
_cTEXL
_2CC
999 _c1141592
_d1141592